[Event "Reno Far West op"]
[Site "Reno"]
[Date "2005.03.19"]
[Round "3"]
[White "Atalik, Suat"]
[Black "Yermolinsky, Alex"]
[Result "1/2-1/2"]
[WhiteElo "2560"]
[BlackElo "2570"]
[Annotator "Atalik,S"]
[PlyCount "83"]
[EventDate "2005.03.19"]
[EventType "swiss"]
[EventRounds "6"]
[EventCountry "USA"]
[SourceTitle "CBM 105 Extra"]
[Source "ChessBase"]
[SourceDate "2005.05.01"]
[SourceVersion "1"]
[SourceVersionDate "2005.05.01"]
[SourceQuality "1"]

1. d4 e6 {An invitation to French.} 2. c4 ({In the play-off games for the
trophy I have chosen} 2. Nf3 c5 3. c4 cxd4 4. Nxd4 Nf6 5. Nc3 Bb4 6. Bd2 O-O 7.
Nc2 Be7 8. g3 d5 9. cxd5 exd5 $1 10. Be3 Nc6 11. Bg2 Be6 12. O-O Qd7 13. Bd4
Rfd8 14. Rc1 Bh3 (14... Rac8 15. e3) 15. e3 $11 {Atalik-Yermolinsky Reno
(play-off(01) 10').The game was drawn after a lot of adventures.}) 2... Bb4+ 3.
Nd2 $5 b6 4. Ngf3 {I was already planning for Qb3 but waiting also for Bb7.} (
4. a3 Bxd2+ 5. Qxd2 Bb7 6. Qg5 $5 Qxg5 7. Bxg5 c5 $1 8. dxc5 bxc5 9. e3 Nc6 $13
{Black has enough counterplay based on white's weaknesses on the queenside
especially c4.}) (4. Qb3 c5 5. a3 Ba5) 4... Bb7 5. Qb3 $1 Bxd2+ (5... c5 6. a3
{and now black does not have} Ba5 $2 7. dxc5 Na6 8. cxb6 $18) 6. Bxd2 (6. Nxd2
f5 (6... Nf6 7. f3 $5) 7. e3 Nf6 8. f3 O-O 9. Be2 $14) 6... d6 7. g3 ({I
really did not like the idea of closing the center with} 7. d5 $5 e5 (7... exd5
$6 8. cxd5 Nf6 9. Bg5 $14) 8. e4 Nf6 $13) (7. c5 $6 {a la Ivan Sokolov} Nf6 8.
cxd6 cxd6 9. Bf4 O-O 10. Qa3 Ne4 11. e3 g5 $1 $36) 7... Nf6 (7... Nc6 $6 8. d5)
8. Bg2 O-O 9. O-O Nbd7 10. Rad1 $11 {Basically one can say that white's
opening strategy succeded on the other hand the resulting type of positions do
not really annoy black at all.} Qe7 (10... a6 $5 11. Qe3 $5) (10... Ne4 $6 11.
Be3 f5 12. Ng5 {is what white really wants to see.}) 11. Rfe1 a6 $5 {A very
deep concept.} 12. Bg5 {I have chosen the most solid possible answer.} (12. Qd3
Be4 13. Qe3 b5 14. b3 bxc4 (14... c5 15. dxc5 Nxc5 16. Bb4 $11) 15. bxc4 c5 16.
Qa3 $1 cxd4 17. Bb4 Nc5 18. Rxd4 a5 19. Bxc5 dxc5 20. Red1 Qc7 $11) (12. Qc2
Be4 13. Qc1 b5 14. b3 c5 $132) (12. Qe3 $5 $13) 12... h6 13. Bxf6 Nxf6 (13...
Qxf6 $2 14. Ne5 dxe5 (14... Bxg2 $2 15. Nxd7 Qe7 16. Nxf8 $18) 15. Bxb7 Rab8
16. Bc6 Rfd8 17. e3 $16) 14. d5 e5 {Now the position is closed but not in the
way white wanted to have it.} 15. e4 (15. Bh3 $6 e4 (15... Bc8 16. Bxc8 Raxc8
17. e4 g6 $13) 16. Nd4 Qe5 17. Qe3 Qh5 18. Kg2 Rfe8 19. Nc2 Re5 20. Qf4 Bc8 21.
Bxc8 Rxc8 22. Ne3 a5 $36) ({I have spent a lot of time to make} 15. c5 $2 {
work.} dxc5 16. Nh4 e4 (16... Rfd8 17. Nf5 Qf8 18. e4 Bc8 $17) (16... Kh8 $6
17. Nf5 Qd7 18. e4 Ne8 19. f4 $44) 17. d6 cxd6 (17... Qd7 $5 {even this is
possible.}) 18. Ng6 Qc7 19. Nxf8 Rxf8 $19) 15... Rab8 $5 {The first real
surprise for me.} ({I was counting on the stereotyped} 15... Bc8 16. Nd2 h5 $5
(16... a5 17. f4 $1 (17. Nf1 $6 Nd7 18. Ne3 Nc5 19. Qc2 Qg5 $36) 17... exf4 18.
gxf4 Nh5 19. Rf1 Qh4 20. Qe3 $14) 17. Nf1 (17. f4 Bg4 18. Bf3 $11) 17... h4 18.
f4 Bg4 19. Bf3 $11) 16. Nd2 c5 {Black first fixes the queenside after which he
will return to the kingside and try to open the position there where his
chances are.} 17. dxc6 $8 {Practically forced.} (17. Qxb6 $6 Bxd5 18. Qa5 ({
The second pawn is taboo.} 18. Qxa6 $4 Ra8 19. Qb6 Rfb8 $19) 18... Be6 19. b3
Qd8 20. Qc3 Qb6 $15) (17. Qc3 Bc8 $15) 17... Bxc6 18. Nb1 {I believe the
knight belongs yet to the queenside.} (18. Nf1 Rfd8 (18... Qb7 19. Rxd6 Bxe4
20. Bxe4 Nxe4 21. Rd5 Nc5 22. Qc3 f6 23. Ne3 Ne6 24. Nf5 $14) 19. Ne3 g6 (19...
Nxe4 $2 20. Qc2 $18) (19... Bd7 20. Qa3) 20. f3 $11) ({Alex was concerned with
} 18. Qa3 $6 Nd7 (18... Rfd8 19. Qxa6 Qc7 20. Qa3 Ra8 21. Qc3 Rxa2 22. Ra1 Rda8
$132) 19. Nb3 Nc5 20. Nxc5 dxc5 21. Qxa6 Qc7 $40) 18... b5 $1 {Now we have a
punch to punch type of game which Alex enjoys!} (18... Rfd8 19. Nc3 b5 20. cxb5
axb5 21. Qb4 Qe6 22. Rd2 Rd7 23. Red1 $14) 19. cxb5 Rxb5 20. Qc2 $1 (20. Qa3 $6
Qb7 21. Nc3 Rxb2 22. Rxd6 Rc2 23. Nd5 Bxd5 24. exd5 Rxa2 25. Qxa2 Qb4 $11)
20... Rb6 21. Nc3 (21. Na3 $6 Rc8 (21... Bb5 22. Re3) 22. Re3 Qb7 23. Nc4 Bb5
$17) 21... Rfb8 22. b3 {Sooner or later white has to throw this in.} (22. Rb1
Bd7 $1) (22. Re2 $6 Rxb2 23. Qxb2 Rxb2 24. Rxb2 Qc7 25. h3 Bd7 26. Rc1 Be6 27.
Rbc2 Qa5 $36 {and black's queen is very active.}) 22... Bb7 {Black is ready to
switch his forces to c line.} ({maybe it is too early for the immediate switch
with} 22... Rc8 $5 23. Rc1 (23. Na4 $6 Rbb8 $1 (23... Rb7 $6 24. Re3 Bd7 (24...
Rbc7 25. Nb6) 25. Rc3 Rxc3 26. Nxc3 Rc7 27. Qd3 $16)) 23... Bd7 24. Qd2 (24.
Qd3 $6 Rbc6 25. Re2 Be6 26. Rec2 Qc7 $36 (26... Qa7 $5)) 24... Rbc6 25. Nd5
Nxd5 26. Rxc6 Bxc6 27. exd5 $13) 23. Na4 (23. Qd3 $6 Rc8 24. Rc1 Rbc6 25. Rc2
Qc7 26. Rec1 Qb6 $36) 23... Rc6 24. Qb1 {I need to control the c line.} (24.
Qd3 $2 Rbc8 $40 (24... a5 {or})) 24... a5 (24... Rbc8 25. Nb2 a5 26. Nc4 a4 27.
Ne3 $14) (24... Bc8 25. Rc1) 25. Bf1 $1 {The bishop has done its job on the
fianchetto post. White's success in defence may lead him to take the upper
hand because of the better structure. Now we enter into a new phase of the
game where both sides should be ready to calculate tactical shots.} Rbc8 (25...
Ba6 $6 26. Bxa6 Rxa6 27. Rc1 $1 $16 {and white grabs the line.} (27. Qd3 Rc6
28. Rc1 Rbc8 29. Rxc6 Rxc6 30. Nb2 d5 $1 31. exd5 Rd6 32. Nc4 Rxd5 33. Qe3 $14)
) 26. Bb5 ({White has to be careful with the exchange sac!} 26. Bc4 $2 Rxc4 27.
bxc4 Rxc4 28. Qb5 Qc7 $1 (28... Rxe4 $2 29. Rxe4 Nxe4 30. Rb1 $18) (28... Rb4
$2 29. Qxa5 Rxe4 30. Rxe4 Nxe4 31. Nc3 $16) 29. Rxd6 Rxa4 30. Rxf6 Rxe4 31.
Rxe4 Bxe4 32. Rb6 Qc3 (32... Qc2 33. Qf1 Qxa2 $15) 33. Qe2 Qa1+ 34. Qf1 Qxa2
35. Rb5 Qa3 36. Qd1 Qc3 $15) 26... R6c7 $8 ({However the double exchange sac
is too much.} 26... Rc2 $2 27. Nb6 R8c3 28. Bd3 Rxd3 29. Rxd3 Qc7 30. Nc4 Rxc4
31. bxc4 Nxe4 32. Rb3 $16) 27. Bd3 (27. Qd3 Rc2 (27... d5 $6 28. exd5 Nxd5 29.
Qf5 $40) 28. Bc4 Rxa2 29. Nc3 Rb2 30. Na4 $11) 27... Bc6 28. Nc3 Bd7 29. Bc4
Be6 30. Nb5 {I wanted to keep things complicated!} (30. Nd5 Nxd5 (30... Bxd5
31. Bxd5 Rc2 $140 $2 32. Bc4 $18) 31. Bxd5 Rc5 $11 {is too simple.}) 30... Rd7
{Draw offer} 31. Rc1 (31. Qd3 $6 d5 32. exd5 Bxd5 $36) 31... Rdd8 32. Nc3 ({
Having short on time Alex was concerned about} 32. Qd3 d5 33. exd5 Bxd5 {
This is safe.} ({However I was worried about} 33... Nxd5 $5 34. Rxe5 Nf4 35.
Qe3 Nh3+ 36. Kf1 $1 (36. Kh1 $2 Qb7+ 37. f3 Ng5 $17) (36. Kg2 $6 Ng5 37. g4 Qd7
38. Bxe6 Nxe6 39. Rc4 $1 (39. Rxc8 Qxc8 $40) 39... Rxc4 40. bxc4 Qc8 41. Qe4
Rd2 $40) 36... Ng5 37. Bxe6 Rxc1+ 38. Qxc1 Qb7 39. Bd5 Rxd5 40. Rxd5 Qxd5 41.
Qc8+ Kh7 42. Qc2+ g6 43. Nc3 Qh1+ 44. Ke2 Qxh2 45. Qd3 Qh5+ 46. Kd2 Qh2 $11)
34. Bxd5 Rxc1 35. Rxc1 (35. Bxf7+ $2 Kxf7 $19) 35... Nxd5 36. Rd1 Rd7 37. Qc4
Nf6 38. Rxd7 Qxd7 39. Nc3 $11) 32... Bxc4 $138 {Alex played this a little bit
too quick!} ({I was worried about the other moves.} 32... Rc5 $6 33. Red1 $1 (
33. Bxe6 $6 fxe6 34. Na4 (34. Qd3 $6 Rdc8 35. Ne2 d5 36. Rxc5 Rxc5 37. exd5
exd5 $17)) (33. Na4 Rc7 34. Bxe6 fxe6 $15) 33... Rdc8 34. Na4 $5 (34. Qd3 Qd7
$13) 34... R5c6 35. Bxe6 fxe6 36. Nb6 Rxc1 37. Rxc1 Rxc1+ 38. Qxc1 Qb7 39. Qc8+
$1 Qxc8 40. Nxc8 {This ending is bad for black.} d5 41. exd5 exd5 42. Ne7+ Kf7
43. Nc6 $16) (32... Rc6 33. Qd3 Rdc8 34. Ba6 R8c7 35. Bc4 $11) 33. bxc4 Rc5 34.
Nd5 Nxd5 {Black has to eliminate the knights otherwise white's position has
more prospects} (34... Qe6 $6 35. Qd3 Rdc8 {after} 36. Ne3 $14) 35. cxd5 Rdc8
36. Rxc5 Rxc5 37. Rc1 $11 Qc7 38. Rxc5 Qxc5 39. a4 $5 {From this moment on
everything leads to a draw!} (39. Qb8+ Kh7 40. Qe8 (40. Qb7 f6 41. Qc6 Qa3 42.
Qd7 $11) 40... f6 (40... Qb4 41. Qxf7 Qxe4 42. h4 $11)) 39... Qb4 (39... f5 40.
Qb8+ (40. exf5 Qxd5 41. Qb5 Qd1+ 42. Kg2 Qd2 43. Qe8+ $11) 40... Kh7 41. Qf8
fxe4 42. Qf5+ Kg8 43. Qxe4 Qb4 44. Qg6 $11) 40. Qc2 g6 41. Kg2 Kg7 42. f3 {
A good game!} 1/2-1/2

[Event "Olympiad-36"]
[Site "Mallorca"]
[Date "2004.10.19"]
[Round "5"]
[White "Atalik, Suat"]
[Black "Mamedyarov, Shakhriyar"]
[Result "1/2-1/2"]
[WhiteElo "2541"]
[BlackElo "2660"]
[Annotator "Atalik,S"]
[PlyCount "117"]
[EventDate "2004.10.15"]
[EventType "team-swiss"]
[EventRounds "14"]
[EventCountry "ESP"]
[SourceTitle "CBM 104"]
[Source "ChessBase"]
[SourceDate "2005.01.27"]
[SourceVersion "1"]
[SourceVersionDate "2005.01.27"]
[SourceQuality "1"]
[WhiteTeam "Bosnia&Herzegovina"]
[BlackTeam "Azerbaijan"]
[WhiteTeamCountry "BIH"]
[BlackTeamCountry "AZE"]

1. d4 e6 2. c4 b6 {The Owen defense - typical for this guy thinking that if he
does something irregular he will win easily.} 3. a3 Bb7 4. Nc3 f5 5. d5 Nf6 6.
g3 Na6 7. Bg2 Nc5 8. Nh3 Bd6 9. O-O Be5 10. Qc2 O-O 11. Bd2 {All these were
played before even in my games.} Qe7 (11... a5 {is Atalik-B.Filipovic,Neum
2004.}) 12. Rad1 Rae8 13. Nf4 ({It is too early for} 13. b4 $6 Nce4 14. Nxe4
Nxe4 15. Bxe4 fxe4 16. Qxe4 exd5 17. cxd5 Qf7 $36) 13... Qf7 $6 {I have
thought that he blundered. Indeed he went slightly wrong.} ({My anticipation
centered around} 13... a5 14. b4 $1 ({Too early to open the game with} 14. dxe6
$6 dxe6 15. Bxb7 Nxb7 16. Nd3 (16. Qa4 $6 Nc5 17. Qc6 Nb3 $17) 16... Bd6) 14...
axb4 15. axb4 Nce4 16. Nxe4 Nxe4 17. dxe6 dxe6 18. Nd3 Bf6 19. b5 Nxd2 20. Rxd2
Bxg2 21. Kxg2 $14) 14. dxe6 $6 {I have thought that this will give me some
advantage. Now I am not that sure.} (14. b4 Nce4 15. Nxe4 Nxe4 16. dxe6 dxe6
17. b5 Nxd2 18. Qxd2 Bxf4 19. Qxf4 e5 20. Qh4 Bxg2 21. Kxg2 c6 22. Rd6 cxb5 23.
cxb5 $11) ({I have a feeling that} 14. Be3 $142 $1 {is the move.} Bxf4 15. Bxf4
e5 16. Bc1 $16) 14... dxe6 15. Nd3 {I have thought this will give me some
serious advantage, maybe it was too much of expectation.} Bd6 16. Nxc5 {
This is the natural move, playing for c6 square looks slow and could become
even dangerous.} (16. Bxb7 $6 Nxb7 17. Qa4 e5 $132) 16... Bxg2 17. Kxg2 bxc5 $6
{This is an unforced error difficult to understand the logic behind it.} (17...
Bxc5 18. b4 Bd6 19. Nb5 a6 20. Nxd6 cxd6 21. Bf4 e5 22. Bc1 (22. Be3 $2 f4 23.
gxf4 Ng4 24. f5 Qh5 25. h3 Rxf5 $19) 22... Qe6 23. Qd3 Rd8 24. Bg5 (24. Be3 $2
d5 25. cxd5 Nxd5 26. Qxa6 f4 27. Bc1 Qc6 28. f3 Nc7 $19) 24... Rc8 25. Bxf6
Rxf6 26. Rc1 $11) 18. f3 $1 {A prophylactic move. Exchanging two minor pieces
would lead nowhere.} (18. Nb5 a6 19. Nxd6 cxd6 20. Bc3 Ne4 21. f3 Nxc3 22. Qxc3
$14) 18... Qh5 19. Be3 $5 (19. Be1 $142 e5 (19... a6 20. Bf2 e5 21. e4 (21. Na4
{is another idea.} Nd7 (21... f4 22. Nxc5 e4 23. Nxe4 Nxe4 24. fxe4 $16 {
and black has no compensation.}) 22. b4 $1 $16 {and white is on the top.})
21... f4 22. Rd3 $16) 20. e4 $1 f4 21. g4 Qg6 22. Nd5 h5 23. Nxf6+ gxf6 24. Kh1
$1 $40) 19... e5 20. Nb5 (20. b4 $5 cxb4 21. Nb5 f4 (21... bxa3 22. Nxd6 (22.
c5 Be7 23. Nxc7 Rc8 24. Ne6 Rfe8 25. Ng5 h6 26. Qc4+ Kh8 27. Nf7+ Kh7 28. c6
Bf8 29. Rb1 $13 {looks messy.}) 22... cxd6 23. Rxd6 Rb8 24. Bc1 $13) 22. Nxd6 (
22. Bf2 $5 bxa3 23. c5 Be7 24. Nxc7 Rc8 25. Ne6 Rfe8 {is not the same as the
previous line.} 26. Qc4 Qf7 27. Qa6 $44) 22... cxd6 23. Bf2 bxa3 24. Rxd6 e4
$13) 20... f4 $8 {This is what I was expecting.} (20... Re6 21. b4 cxb4 22. c5
Be7 23. Qc4 Qf7 24. axb4 $16) 21. Nxd6 $5 {Again another sharp decision. I was
counting on some endgame with R+B+2Ps against 2Rs.} ({I had to bite the bullet
and play coldbloodedly} 21. Bf2 $142 e4 (21... Re6 22. b4 e4 23. Nxd6 cxd6 24.
gxf4 Qf5 (24... exf3+ 25. exf3 $16) 25. Kh1 Qh3 26. fxe4 Nxe4 (26... Ng4 27.
Bg1) 27. Qd3 $8 Qh5 28. Bg1 $16) 22. Nxd6 cxd6 23. Rxd6 (23. gxf4) 23... Qf5 (
23... Qg6 24. Qd1 $16) 24. Qb1 $1 $16 {But all these lines requires a lot of
exact calculation with which I could not come up in this part of the game.} (
24. Kg1 $2 Qh3 25. gxf4 e3 26. Bg3 Nh5 $19) (24. Qd1 $1 $16)) 21... cxd6 22.
gxf4 exf4 $5 {This was a big surprise.} (22... e4 23. Rxd6 exf3+ 24. Rxf3 Ne4
25. Rd5 Qg6+ 26. Rg5 {After which of course I have missed that} Qc6 $1 {
leads to an immediate draw.} (26... Nxg5 27. Qxg6 hxg6 28. fxg5 $14 {I was
expecting this to happen over the board.}) 27. Rd5 Qg6+ $11) 23. Bf2 $2 {
After almost 30 minutes of thought I have decided for the howler!} (23. Bxf4
Ng4 24. Rd5 $1 {is the great move I have missed.} ({Just like in my game with
Gelashvili from Greek league of two years ago I could have settled for a draw
with my king up the board but without particular danger.} 24. h3 $6 Rxf4 25.
hxg4 Rxg4+ 26. fxg4 Qxg4+ 27. Kf2 {is the position I have reached and I could
not be sure ofthe fact that he can not push his rook in the attack.} Qh4+ (
27... Rf8+ $4 28. Ke1 Qh4+ 29. Kd2 Qg5+ 30. Kc3 $18) (27... Re6 $4 28. e3 (28.
Ke1 Qg3+ 29. Kd2 Qe3+ $11) 28... Qh3 29. Qd3 $18) (27... Re5 $4 28. e3 $18) 28.
Kf3 (28. Kg2 Qg5+ (28... Re3 $4 29. Rf3) (28... Re4 $4 29. Rf3 Rg4+ 30. Kf1
Qh1+ 31. Kf2 Qh4+ 32. Ke3 Qg5+ 33. Kd3 d5 34. Rdf1 $1 Rd4+ 35. Kc3 Rxc4+ 36.
Kb3 $18) (28... Re6 $4 29. Rf3 Rg6+ 30. Kf1 Qh2 31. Ke1 Rg1+ 32. Kd2 Qh6+ 33.
Kc3 $18) (28... Qg4+ 29. Kf2 $11 {is similar to the lines with Qg5.}) 29. Kf2
Re5 (29... Rf8+ $4 30. Ke1 $18) (29... Re6 {Now only} 30. Rd3 $2 {loses} (30.
Ke1 Qg3+ 31. Kd2 Qe3+ $11) (30. Qd3 Qh4+ 31. Kg2 Qg4+ 32. Kf2 $11) (30. Rh1
Qe3+ 31. Ke1 Qg3+ 32. Kd2 Qe3+ $11) 30... Qh4+ 31. Rg3 Qh2+ (31... Rf6+ 32. Kg2
Rxf1 33. Rxg7+ (33. Kxf1 Qxg3 34. Qf5 g6 35. Qe6+ Kg7 36. b4 $17) 33... Kxg7
34. Kxf1 Qf4+ $17) 32. Rg2 Rf6+ 33. Ke1 Qxg2 34. Rxf6 gxf6 $19) 30. Rh1) 28...
Re6 (28... Re5 $4 29. e4 Rg5 30. Rd2 Rg3+ 31. Ke2 $18) (28... Qh5+ 29. Kf2 $11
(29. Kg3 Qe5+ 30. Kf3 Qh5+ $11)) 29. e4 Rf6+ 30. Ke2 Qh2+ 31. Kd3 Qh3+ 32. Ke2
$11) (24. Qd2 $6 Rxf4 25. Qxf4 Rxe2+ 26. Kg1 Nxh2 (26... Ne3 $2 27. Rxd6 h6 28.
Rd8+ Kh7 29. Qe4+ Qg6+ 30. Qxg6+ Kxg6 31. Rc1 Rxb2 32. Rc8 $18) 27. Rxd6 h6 $1
(27... Nxf1 28. Rd8+ Re8 29. Rxe8+ Qxe8 30. Kxf1 $14) 28. Rf2 Re1+ 29. Kg2 Ng4
(29... Nxf3 30. Qxf3 Qg5+ 31. Kh2 Qh4+ 32. Kg2 Qg5+ $11) 30. Qf8+ Kh7 31. fxg4
Qxg4+ 32. Kh2 Qg1+ 33. Kh3 Qh1+ 34. Kg3 Re5 35. Rd5 Re3+ 36. Rf3 Qg1+ 37. Kh3
Qh1+ 38. Kg3 $11) 24... Qh4 (24... Rxf4 25. Rxh5 Ne3+ 26. Kg3 Nxc2 27. Kxf4
Rxe2 28. Rd1 g6 29. Rg5 Nd4 30. Rd5 $16) 25. Rf5 Rxf5 26. Qxf5 Rxe2+ 27. Kg1
Nh6 (27... Nf6 28. b4 Re1 29. Qg5 Rxf1+ 30. Kxf1 Qh3+ 31. Kf2 $16) 28. Qc8+ Kf7
29. Qc7+ Re7 30. Qxd6 Nf5 31. Qd5+ Kf6 32. Qd2 Nd4 33. Be3 $16) 23... Re6 24.
Qd2 $6 {One mistake follows the other after the long thought I have taken two
moves before this.} (24. b4 Rfe8 25. Rfe1 Nd7 26. Qd2 Qg5+ 27. Kh1 Nb6 28. Qd3
$17) 24... Nd7 25. Qd5 $4 {And the final punch I have absolutely overlooked
that this simply drops a pawn.} (25. b4 Nb6 26. Qd3 Rfe8 27. bxc5 dxc5 28. Rd2
Rh6 29. h4 Qg6+ 30. Kh2 $17) 25... Qxd5 26. Rxd5 Nb6 $17 {I have lost a pawn
as simple as this. However white's position despite of all the abuse I have
generated is still very resilient.} (26... Rxe2 $2 27. Rxd6 Nb6 (27... Ne5 28.
Re1 Rxe1 29. Bxe1 Nxc4 30. Rd7 Rf7 31. Rd8+ Rf8 32. Rd7 $11) 28. b3 Rb2 29. Rd3
$13 {looks like what I was dreaming about.}) 27. Rd2 Nxc4 28. Rc2 Ne3+ (28...
Ne5 $6 29. b4 $15) 29. Bxe3 Rxe3 (29... fxe3 $6 30. b4 Rf5 31. Rfc1 Ree5 32.
Rc4 $132) 30. b4 $1 {The start of a tough defence.} Rf5 (30... Rxa3 $6 31. bxc5
dxc5 32. Rxc5 Re8 33. Kf2 Ra2 34. Re1 a5 35. Rc4 $1 $132) 31. bxc5 Rxc5 (31...
dxc5 $2 32. Rfc1 Rxa3 33. Rxc5 Rxc5 34. Rxc5 $11) 32. Ra2 $8 {Somehow I can
not effort losing two pawns in this endgame so passive defense is required!} (
32. Rxc5 $2 dxc5 33. Rc1 Rxe2+ 34. Kh3 Re5 $1 (34... Re3 $2 35. Kg4 Rxa3 36.
Rxc5 Ra4 37. Kf5 h6 38. h4 Kh7 39. Rc7 a5 40. Ra7 Ra1 41. Kxf4 $11) 35. Kg4 g5
36. h4 h6 37. hxg5 hxg5 38. Rd1 Kf7 39. Rd6 $1 (39. Rd7+ Ke6 40. Rxa7 c4 41.
Rc7 Kd5 42. a4 Kd4 $19) 39... a5 40. a4 Re6 41. Rd7+ Kf6 42. Rc7 Re5 43. Rc6+
Ke7 44. Rg6 Kd7 45. Rxg5 Kd6 $1 (45... Rxg5+ 46. Kxg5 Kd6 47. Kxf4 Kd5 48. Ke3
Kc4 49. f4 Kb3 50. Kd2 Kb2 51. Kd3 Kb3 $11) 46. Rg6+ Kd5 47. Kxf4 c4 48. Ra6
Re1 $3 49. Rxa5+ Kd4 50. Ra8 c3 51. Rc8 (51. Rd8+ Kc4 52. Rc8+ Kb3 53. Kg5 c2
54. f4 c1=Q 55. Rxc1 Rxc1 56. Kf6 Re1 57. f5 Kc4 58. Kg7 Kd5 59. f6 Ke6 60. f7
Rg1+ $19) 51... Kd3 52. Rd8+ (52. Kg5 c2 53. f4 c1=Q 54. Rxc1 Rxc1 55. f5 Ke4
56. f6 Ke5 57. f7 Rf1 58. Kg6 Ke6 $19) 52... Kc4 53. Kg5 c2 54. f4 c1=Q 55.
Rc8+ Kd5 $19) 32... Re6 {Right idea he wants to squeeze me on the other flank
as well.} 33. Kf2 Rh6 34. Rh1 Ra5 35. a4 {Otherwise Ra5-a4 will confine my
pieces to utmost.} Kf7 (35... g5 36. Kg2 Kf7 37. Rb1 $132) 36. h4 a6 (36... Kf6
37. Rd1 d5 38. Rb1 Ra6 (38... Rxh4 39. Rb5 Ra6 40. Rxd5 $132) 39. Rb5 Ke6 40.
Rd2 Rxh4 (40... Rd6 41. Rb7) 41. Rbxd5 Rh2+ 42. Ke1 Rxa4 43. Rd6+ Ke7 44. Rd7+
Ke8 45. Rd8+ Kf7 46. R8d7+ $11) 37. Rb2 $3 {Endings do have their own rules,
it is time for active play now albeit some moves ago it would turn out to be
detrimental.} Rxa4 38. Rb7+ Kf6 39. Rd7 ({I was not so sure about this endgame.
} 39. Rd1 Rxh4 40. Rxd6+ Ke5 41. Rdd7 Rh2+ 42. Kg1 Rh6 43. Rxg7 Ra1+ 44. Kg2
Rg6+ 45. Rxg6 hxg6 46. Kf2 Ra2 $17) 39... Rd4 40. Ra7 g6 41. Rxa6 $17 {Now
when all the pawns were reduced to the same flank I was relieved.} Rh5 42. Ra7
h6 43. Rh7 Rd2 44. Rh8 Kg7 $6 {After this I will immediately force the draw.
He had to look for his chances into the other ending.} (44... Re5 45. Rf8+ Kg7
46. Rxf4 Rexe2+ 47. Kg3 d5 48. Ra4 Kf6 49. Ra6+ Kf5 50. Rg1 $132) 45. Re8 g5
46. Kg2 Kf7 47. Re4 d5 48. Re5 d4 49. hxg5 Rxg5+ 50. Rxg5 hxg5 51. Rh7+ $1 $11
{This saves the day for white since the pawn ending is a draw.} Ke6 $6 {
Still he has to check if I could have kept the opposition correctly since in
the rook endgame there is nothing to write home about.} (51... Kg6 52. Re7 d3
53. Kf1 Kf6 54. Re4 dxe2+ 55. Rxe2 Rxe2 56. Kxe2 Ke5 57. Ke1 (57. Kd3 Kd5 58.
Kc3 Ke5 (58... g4 59. fxg4 Ke4 60. Kd2 f3 61. Ke1 $11) 59. Kd3 Kf5 60. Ke2 Kf6
61. Kf2 Ke5 62. Ke1 (62. Ke2 Kd4 63. Kd2 Kc4 64. Kc2 $11) 62... Kd4 63. Kd2 $11
) 57... Kd5 58. Kd1 $11) 52. Kf1 d3 53. exd3 Rxd3 54. Ke2 Re3+ 55. Kf2 Ra3 56.
Rg7 Kf6 57. Rg8 Ra5 58. Kg2 Re5 59. Kf2 {Another save in the endgame for me
with some luck.} 1/2-1/2